书目信息 |
| 书名: | the dictionary of MAGINARY PLAES | |
| 作者: | illustrated by Graham Greenfield,Maps and Charts by James Cook. | |
| 分册号: | ||
| 分册名: | 出版地: | SAN DIEGO,NEW YORK,LONDON : |
|
| 出版社: | Harcourt Brace Jovanovich,Publishers | |
| 出版时间: | 1980. | |
| 页数: | 454 p. ; | |
| 开本: | 30cm. | |
| 丛书名: | ||
| 中图分类号: | ||
| 科图分类号: | ||
| 其他分类号: | I106-61 | |
| 主题词: | ||
| 电子资源: | ||
| 000 | 00503nam 2200145 a 4500 | |
| 001 | E0738811733 | |
| 005 | 20070509105128.96 | |
| 008 | 070509s1980 00010 eng | |
| 020 | @a0-15-626054-9. | |
| 040 | @aPFT@beng | |
| 090 | @aI106-61 | |
| 099 | @dI106-61@ex7=2 | |
| 245 | 1 | @athe dictionary of MAGINARY PLAES@s (Expanded Edition) / @cillustrated by Graham Greenfield,Maps and Charts by James Cook. |
| 260 | @aSAN DIEGO,NEW YORK,LONDON :@bHarcourt Brace Jovanovich,Publishers,@c1980. | |
| 300 | @a454 p. ;@c30cm. | |
| the dictionary of MAGINARY PLAES ( (Expanded Edition) / ). / illustrated by Graham Greenfield,Maps and Charts by James Cook.-SAN DIEGO,NEW YORK,LONDON : : Harcourt Brace Jovanovich,Publishers, , 1980. |
| 454 p. ; ; 30cm. |
| ISBN 0-15-626054-9. |
| ● |
| 相关链接 |
|
|
|
|
正题名:the dictionary of MAGINARY PLAES
索取号:I106-61/x7=2
 
预约/预借
| 序号 | 登录号 | 条形码 | 馆藏地/架位号 | 状态 | 备注 |
| 1 | 184372 | 000434202 | 第二样本阅览室/ [索取号:I106-61/x7=2] | 在馆 |